01231nam a2200313 a 4500001001200000003000800012006001900020007001500039008004100054010001700095020001500112020001800127020002700145040002100172035002100193050002400214100001900238245013700257260003300394300003900427504005100466533015200517650002500669650003400694655002900728710001700757856012600774999001700900ebr10660589CaPaEBRm u cr cn|||||||||130225s2012 enka sb 001 0 eng d z 2012538778 z111847810X z9781118478103 z9781118478110 (e-book) aCaPaEBRcCaPaEBR a(OCoLC)83454576414aHF5386b.K56 2012eb1 aKingdon, Matt.14aThe science of serendipityh[electronic resource] :bhow to unlock the promise of innovation in large organisations /cMatt Kingdon. aChichester :bWiley,cc2012. avii, 246 p. :bill. (chiefly col.) aIncludes bibliographical references and index. aElectronic reproduction.bPalo Alto, Calif. :cebrary,d2013.nAvailable via World Wide Web.nAccess may be limited to ebrary affiliated libraries. 0aSuccess in business. 0aCreative ability in business. 7aElectronic books.2local2 aebrary, Inc.40uhttp://site.ebrary.com/lib/rucke/Doc?id=10660589zAn electronic book accessible through the World Wide Web; click to view c67877d67877